000 00370nam a2200145Ia 4500
005 20260328101515.0
008 260328s9999||||xx |||||||||||||| ||und||
100 _aAmbrose, James E.
245 0 _aBuilding Structures primer /
_cJames E. Ambrose
250 _a1a ed.
260 _bJohn Wiley & Sons
300 _a122 p.
650 _aDETALLES CONSTRUCTIVOS
942 _cBK
999 _c9342
_d9342